000 00534nam a2200157Ia 4500
008 230907s9999||||xx |||||||||||||| ||und||
082 _a620.3
_bSID
100 _aMuhammad Siddique (00000327146)
_9116785
245 0 _aPerformance Assessment of Trombe Wall and South Faȧde as Applications of Building Integrated Photovoltaic Systems /
260 _aUSPCAS-E, NUST,
_bIslamabad :
_c2022
300 _axiii, 62 p.
520 _aTH-451
650 _aMS-ESE Thesis MS Thesis
700 _aDr Nadia Shahzad
_9117122
942 _cTHE
_2ddc
999 _c602129
_d602129